Advanced engineering mathematics (Record no. 2354)

000 -LEADER
fixed length control field 00457nam a22001937a 4500
001 - CONTROL NUMBER
control field 2354
003 - CONTROL NUMBER IDENTIFIER
control field BD-DhUET
008 - FIXED-LENGTH DATA ELEMENTS--GENERAL INFORMATION
fixed length control field 140922b xxu||||| |||| 00| 0 eng d
020 ## - INTERNATIONAL STANDARD BOOK NUMBER
International Standard Book Number 8121903459
040 ## - CATALOGING SOURCE
Transcribing agency 0
Modifying agency BD-DhUET
082 ## - DEWEY DECIMAL CLASSIFICATION NUMBER
Classification number 510
Item number DAS/2007
100 ## - MAIN ENTRY--PERSONAL NAME
Personal name Dass, H.K.
245 ## - TITLE STATEMENT
Title Advanced engineering mathematics
250 ## - EDITION STATEMENT
Edition statement 17th Rev. ed.
260 ## - PUBLICATION, DISTRIBUTION, ETC. (IMPRINT)
Place of publication, distribution, etc. Ram Nagar
Name of publisher, distributor, etc. S. Chand.
Date of publication, distribution, etc. 2007
300 ## - PHYSICAL DESCRIPTION
Extent xvi,1274p.
650 #0 - SUBJECT ADDED ENTRY--TOPICAL TERM
Topical term or geographic name as entry element Mathematics
942 ## - ADDED ENTRY ELEMENTS (KOHA)
Koha item type General Book
Holdings
Koha full call number Koha date last borrowed Location (home branch) Price effective from Date acquired Not for loan Shelving location Sublocation or collection (holding branch) Koha date last seen Koha item type Damaged status Source of classification or shelving scheme Lost status Koha out on loan Copy number Withdrawn status Koha issues (times borrowed) Piece designation (barcode) Koha normalized classification for sorting
510/DAS/20072022-11-23Central Library, BUET2014-09-222014-09-22 Circulation sectionCentral Library, BUET2023-05-06General Book    1 3103924510DAS2007
510/DAS/20072026-01-13Central Library, BUET2014-09-222014-09-22 Circulation sectionCentral Library, BUET2026-01-13General Book   2026-01-272 6103925510DAS2007
510/DAS/20072024-12-01Central Library, BUET2014-09-222014-09-22 Circulation sectionCentral Library, BUET2025-02-10General Book    3 4103927510DAS2007
510/DAS/20072023-03-22Central Library, BUET2014-09-222014-09-22 Circulation sectionCentral Library, BUET2023-06-05General Book    4 3103928510DAS2007
510/DAS/20072014-11-12Central Library, BUET2014-09-222014-09-22 Circulation sectionCentral Library, BUET2016-02-24General Book    5 1103929510DAS2007
510/DAS/20072023-01-11Central Library, BUET2014-09-222014-09-22 Circulation sectionCentral Library, BUET2023-02-28General Book    7 2103931510DAS2007
510/DAS/20072026-04-15Central Library, BUET2014-09-222014-09-22 Circulation sectionCentral Library, BUET2026-04-15General Book   2026-04-296 3103930510DAS2007
510/DAS/20072019-01-20Central Library, BUET2015-01-262015-01-26 Circulation sectionCentral Library, BUET2019-03-31General Book    8 2103922510_000000000000000_DAS_2007
510DAS/20072025-03-02Central Library, BUET2015-09-012015-09-01 Circulation sectionCentral Library, BUET2025-04-07General Book    9 2103923510DAS_2007_000000000000000
510/DAS/20072024-11-24Central Library, BUET2017-05-292007-05-28 Circulation sectionCentral Library, BUET2024-11-24General Book   2024-12-0810 11103926510_000000000000000_DAS_2007